000 01948nam a22002417a 4500
001 6905
003 FISKH
005 20250605112523.0
008 250605b cb ||||| |||| 00| 0 eng d
020 _a9789995000721
040 _aFISKH
_bkhr
_cFISKH
_dFISKH
082 _a510
100 _aSeang Lee, Ngov
245 _aគណិតវិទ្យា ថ្នាក់ទី១០ :
_bភាគ២ /
_cលោក អុី ស៊ាងលី និង អ្នកស្រី អ៊ុក សុមុនី​
250 _aបោះពុម្ពឆ្នាំ ២០២២
260 _aភ្នំពេញ :
_bគ្រឺះស្ថានបោះពុម្ពនិងចែកផ្សាយ ,
_c២០២២ .
300 _a212 pages :
_billustrations ;
_c25 cm .
520 _aសៀវភៅ គណិតវិទ្យា ថ្នាក់ទី ១០ ជាសៀវភៅសិក្សាមូលដ្ឋានសម្រាប់សិស្សមធ្យមសិក្សាទុតិយភូមិដំបូង (ថ្នាក់ដំបូងនៃកម្រិតទី២)។ វាជាឧបករណ៍សំខាន់សម្រាប់បង្កើនជំនាញគិតវាស់វែង និងវិភាគត្រឹមត្រូវតាមរយៈការអនុវត្តន៍គណិតវិទ្យាជាអនុគមន៍ កន្សោម និងរូបវិទ្យាផ្នែកគណនា។
520 _aThe Grade 10 Mathematics textbook is a foundational study resource for lower upper-secondary students (the first level of secondary education). It is an important tool for developing skills in calculation, measurement, and accurate analysis through the practice of mathematics in functions, equations, and analytical geometry.
700 _aNavin, Chheang
_eIllustrator
942 _2ddc
_cKHB
_n0
999 _c6905
_d6905